| 000 | 03067nam a2200385 a 4500 | ||
|---|---|---|---|
| 005 | 20091210152350.0 | ||
| 008 | 070813s2007 enk 000 0 eng | ||
| 010 | _aB-370130-141 | ||
| 020 |
_a9780198064640 _c298.75 |
||
| 035 | _aB-370130-141 | ||
| 037 | _bImpulse | ||
| 040 |
_adpl _bEnglish |
||
| 082 | _a488 | ||
| 245 |
_aOxford A-Z of English usage / _cedited by Jeremy Butterfield |
||
| 260 |
_aNew Delhi _bOxford University Press _c2010(repr.) |
||
| 270 |
_aYMCA Library Building, Jai Singh Road, _bNew Delhi _e110001 |
||
| 300 |
_a172 p. _c18 cm(Hb) |
||
| 500 | _aThis book published in 4 vol. and set price is 1195.00 | ||
| 650 |
_aEnglish language _xUsage. |
||
| 700 | _aButterfield, Jeremy, | ||
| 942 |
_2ddc _cCH _h488 _mOXF |
||
| 999 |
_c32463 _d32463 |
||